[Event "Jiraskuv memorial B"]
[Site "Rakovnik"]
[Date "2012.08.05"]
[Round "3"]
[White "Zika, Vaclav"]
[Black "Ruzicka, Vaclav"]
[Result "0-1"]
[WhiteElo "1749"]
[BlackElo "1698"]
[Annotator "Lev,Pavel"]
[PlyCount "74"]
[EventDate "2012.08.??"]
[EventType "swiss"]
[EventRounds "9"]
[EventCountry "CZE"]

1. d4 Nf6 2. c4 b6 3. Nc3 e6 4. Bg5 Bb7 5. e4 h6 6. Bh4 g5 7. e5 gxh4 8. exf6
Qxf6 9. Qd2 h5 10. f3 a6 11. Ne4 Qe7 12. a3 Bh6 13. Qf2 f5 14. Nc3 Nc6 15. g3
hxg3 16. hxg3 O-O-O 17. Bd3 Qd6 18. Nge2 Ne5 19. dxe5 Qxd3 20. Rd1 Qxf3 21.
Qxf3 Bxf3 22. Rh2 Bg7 23. Rd3 Bxe2 24. Rxe2 h4 25. gxh4 Rxh4 26. b3 d6 27. exd6
Bxc3+ 28. Rxc3 Rxd6 29. c5 Rc6 30. b4 Rd4 31. Rce3 bxc5 32. Rxe6 Rxe6 33. Rxe6
Re4+ 34. Rxe4 fxe4 35. Ke2 Kd7 36. Ke3 cxb4 37. axb4 Kc6 0-1

[Event "Jiraskuv memorial B"]
[Site "Rakovnik"]
[Date "2012.08.05"]
[Round "3"]
[White "Koblic, Miroslav"]
[Black "Bauer, Ondrej"]
[Result "0-1"]
[WhiteElo "1683"]
[BlackElo "1745"]
[Annotator "Lev,Pavel"]
[PlyCount "124"]
[EventDate "2012.08.??"]
[EventType "swiss"]
[EventRounds "9"]
[EventCountry "CZE"]

1. f4 c5 2. Nf3 Nf6 3. e3 d5 4. d4 e6 5. c3 Nc6 6. Bd3 b6 7. O-O Bb7 8. Ne5 Bd6
9. Rf3 Ne4 10. Qa4 Bxe5 11. fxe5 Ng5 12. Rg3 c4 13. Be2 O-O 14. Nd2 f5 15. b3
cxb3 16. axb3 Ne4 17. Nxe4 fxe4 18. c4 Ne7 19. Ba3 Rf7 20. Bg4 Qc8 21. Rc1 Bc6
22. Qb4 Qd7 23. Qd6 Nf5 24. Bxf5 Rxf5 25. cxd5 Qxd6 26. exd6 Bxd5 27. Rc7 Rf7
28. d7 Rd8 29. Rxa7 Rfxd7 30. Ra6 Ra8 31. Rxa8+ Bxa8 32. h3 Bd5 33. Rg4 Ra7 34.
Bd6 Rd7 35. Bb4 Rc7 36. Rf4 Rf7 37. Rg4 h6 38. Bd6 Rd7 39. Bf4 Kh7 40. Be5 g5
41. h4 Kg6 42. hxg5 h5 43. Rg3 Bxb3 44. Bf6 b5 45. Rh3 Bd5 46. Kf2 b4 47. Rh1
Rc7 48. Kg3 b3 49. Rb1 Rc2 50. Be7 Re2 51. Kf4 Rxg2 52. Ba3 Rg4+ 53. Ke5 Kxg5
54. Be7+ Kg6 55. Rb2 h4 56. Rh2 Kh5 57. Kf6 Rg3 58. Kf7 h3 59. Bd6 Rxe3 60. Kf6
Kg4 61. Rf2 Rf3+ 62. Rxf3 exf3 0-1

[Event "Jiraskuv memorial B"]
[Site "Rakovnik"]
[Date "2012.08.05"]
[Round "3"]
[White "Hejda, Vaclav"]
[Black "Holy, Filip"]
[Result "1/2-1/2"]
[WhiteElo "1820"]
[BlackElo "1609"]
[Annotator "Lev,Pavel"]
[PlyCount "114"]
[EventDate "2012.08.??"]
[EventType "swiss"]
[EventRounds "9"]
[EventCountry "CZE"]

1. e4 c6 2. d4 d5 3. exd5 cxd5 4. Nf3 Nf6 5. Nc3 Nc6 6. Bb5 Bg4 7. h3 Bh5 8.
O-O e6 9. Qd3 Bd6 10. Bg5 O-O 11. Bxc6 bxc6 12. Ne5 Qc7 13. Rfe1 Nd7 14. Nxd7
Qxd7 15. a3 Bg6 16. Qd2 Rfe8 17. Na4 e5 18. dxe5 Bxe5 19. c3 Bd6 20. Bf4 Qc7
21. Bxd6 Qxd6 22. b4 Be4 23. f3 Bf5 24. Qd4 Re7 25. Qc5 Qxc5+ 26. Nxc5 Rae8 27.
Kf2 Be6 28. Re3 g6 29. Rae1 Kg7 30. g4 Kf6 31. f4 h6 32. Kf3 h5 33. g5+ Kg7 34.
h4 Bg4+ 35. Kf2 Kf8 36. Rxe7 Rxe7 37. Rxe7 Kxe7 38. Ke3 Kd6 39. Kd4 Bc8 40. a4
Bg4 41. Nd3 Bf5 42. Ne5 Be6 43. a5 a6 44. Nd3 Bh3 45. Nc5 Bf1 46. Nb3 Be2 47.
Nd2 Bd1 48. c4 Be2 49. c5+ Ke6 50. Ke3 Bd1 51. Nf3 Bxf3 52. Kxf3 Kd7 53. Ke3
Kc7 54. Kd4 Kd7 55. Ke5 Ke7 56. f5 Kd7 57. fxg6 fxg6 1/2-1/2

[Event "Jiraskuv memorial B"]
[Site "Rakovnik"]
[Date "2012.08.05"]
[Round "3"]
[White "Misicko, Jan"]
[Black "Srkal, Miroslav"]
[Result "0-1"]
[WhiteElo "1545"]
[BlackElo "1822"]
[Annotator "Lev,Pavel"]
[PlyCount "54"]
[EventDate "2012.08.??"]
[EventType "swiss"]
[EventRounds "9"]
[EventCountry "CZE"]

1. f4 d5 2. Nf3 Nf6 3. b3 e6 4. Bb2 Be7 5. e3 c5 6. Bb5+ Bd7 7. Bxd7+ Nbxd7 8.
O-O O-O 9. d3 Rc8 10. Nbd2 b5 11. c4 bxc4 12. dxc4 Ne8 13. Ne1 f5 14. Qh5 Bf6
15. Bxf6 Ndxf6 16. Qh3 Rf7 17. Rf3 Qa5 18. Nf1 Ne4 19. cxd5 exd5 20. Nd3 g6 21.
Ne5 Rg7 22. Qh4 N4f6 23. Rh3 Qd8 24. Rc1 d4 25. exd4 Qxd4+ 26. Ne3 Qb2 27. Rc2
Qb1+ 0-1

[Event "Jiraskuv memorial B"]
[Site "Rakovnik"]
[Date "2012.08.05"]
[Round "3"]
[White "Hajsman, Martin"]
[Black "Pribylova, Sofie"]
[Result "0-1"]
[WhiteElo "1718"]
[BlackElo "1374"]
[Annotator "Lev,Pavel"]
[PlyCount "66"]
[EventDate "2012.08.??"]
[EventType "swiss"]
[EventRounds "9"]
[EventCountry "CZE"]

1. c4 Nf6 2. Nc3 e5 3. g3 g6 4. Bg2 Bg7 5. d3 O-O 6. Nf3 d6 7. O-O Be6 8. Rb1
Nc6 9. b4 e4 10. Ng5 exd3 11. exd3 Bc8 12. Nf3 Ne5 13. Nxe5 dxe5 14. Re1 c6 15.
Bb2 Nd7 16. Ne4 Nb6 17. c5 Nd5 18. Qd2 Be6 19. Nd6 Qd7 20. Bxe5 Bxe5 21. Rxe5
b6 22. Ree1 a5 23. a3 axb4 24. axb4 Ra7 25. Ra1 Rfa8 26. Rxa7 Qxa7 27. d4 b5
28. f4 Qa3 29. f5 Bxf5 30. Nxf5 gxf5 31. Bxd5 cxd5 32. Re5 Qa1+ 33. Kg2 Ra2 0-1

[Event "Jiraskuv memorial B"]
[Site "Rakovnik"]
[Date "2012.08.06"]
[Round "4"]
[White "Pribyl, Viktor"]
[Black "Hajsman, Martin"]
[Result "0-1"]
[WhiteElo "1303"]
[BlackElo "1718"]
[Annotator "Lev,Pavel"]
[PlyCount "98"]
[EventDate "2012.08.??"]
[EventType "swiss"]
[EventRounds "9"]
[EventCountry "CZE"]

1. d4 Nf6 2. c4 e6 3. Nc3 Bb4 4. Nf3 b6 5. Bg5 h6 6. Bh4 O-O 7. e3 Bb7 8. Bd3
c5 9. O-O Bxc3 10. bxc3 d6 11. Re1 Nbd7 12. Bg3 Qc7 13. e4 Nh5 14. Bh4 Nf4 15.
Bc2 Ba6 16. Bb3 cxd4 17. cxd4 Ng6 18. Bg3 e5 19. Rc1 Rac8 20. Qd2 Rfd8 21. d5
Nc5 22. Re3 Qe7 23. h3 Rc7 24. Nh4 Nxh4 25. Bxh4 Rdc8 26. f3 Nb7 27. Rec3 Rc5
28. Qd3 Qc7 29. Bf2 Ra5 30. Qe2 Nc5 31. R3c2 Ra3 32. Rc3 Qd7 33. Qb2 Ra5 34.
Be1 Na4 35. Bxa4 Qxa4 36. R1c2 Qd7 37. Rb3 Rac5 38. Rbc3 Rxc4 39. Qa3 Rxc3 40.
Bxc3 Qb5 41. Qc1 Qc4 42. Qe1 b5 43. Rc1 Qc5+ 44. Kh2 Qa3 45. Bb4 Qxc1 46. Qxc1
Rxc1 47. Bxd6 f6 48. Bb4 Bc8 49. d6 Kf7 0-1

[Event "Jiraskuv memorial B"]
[Site "Rakovnik"]
[Date "2012.08.06"]
[Round "4"]
[White "Mitosinka, Boris"]
[Black "Koblic, Miroslav"]
[Result "1/2-1/2"]
[WhiteElo "1563"]
[BlackElo "1683"]
[Annotator "Lev,Pavel"]
[PlyCount "142"]
[EventDate "2012.08.??"]
[EventType "swiss"]
[EventRounds "9"]
[EventCountry "CZE"]

1. e4 c6 2. Nc3 d5 3. Nf3 Bg4 4. h3 Bh5 5. g4 Bg6 6. exd5 cxd5 7. Bb5+ Nc6 8.
Ne5 Rc8 9. Qf3 Qd6 10. Nxg6 Qxg6 11. Nxd5 Qxc2 12. Nb4 Qc5 13. Bxc6+ bxc6 14.
Nd3 Qd5 15. Ke2 e6 16. Nf4 Qe5+ 17. Qe3 Bd6 18. d4 Qb5+ 19. Nd3 Nf6 20. a4 Qd5
21. Bd2 Qc4 22. Rhc1 Qa6 23. Kf3 h5 24. g5 Nd5 25. Qe4 g6 26. Nc5 Bxc5 27. Rxc5
O-O 28. a5 Qb7 29. Qc2 Qd7 30. Rc1 e5 31. Kg2 exd4 32. Rxc6 Rxc6 33. Qxc6 Qf5
34. Qd6 Qe4+ 35. Kg1 Qf3 36. Re1 Qd3 37. Bb4 Nxb4 38. Qxb4 Qxh3 39. Qxd4 Qf5
40. Re5 Qb1+ 41. Kg2 Qc1 42. Rc5 Qe1 43. Rd5 Qe7 44. b4 Rb8 45. b5 Qb7 46. f3
Qc7 47. Qe5 Qc2+ 48. Kg3 Rf8 49. Rd7 h4+ 50. Kxh4 Qa4+ 51. Qd4 Qxa5 52. Qe5 Qb6
53. Kg4 Qg1+ 54. Qg3 Qe3 55. Qd6 Qg1+ 56. Qg3 Qc5 57. Qd6 Qc8 58. Qc7 Qe8 59.
Qxa7 Qe6+ 60. Kh4 Qc4+ 61. Qd4 Qxb5 62. Rd5 Qe8 63. Re5 Qa8 64. Re4 Qb8 65. Kh3
Qc8+ 66. Kh2 Qc7+ 67. Kh3 Rd8 68. Qe3 Kg7 69. Re7 Qc8+ 70. Kg2 Rd5 71. Re5 Rd8
1/2-1/2

[Event "Jiraskuv memorial B"]
[Site "Rakovnik"]
[Date "2012.08.06"]
[Round "4"]
[White "Folbr, Martin"]
[Black "Misicko, Jan"]
[Result "0-1"]
[WhiteElo "1352"]
[BlackElo "1545"]
[Annotator "Lev,Pavel"]
[PlyCount "96"]
[EventDate "2012.08.??"]
[EventType "swiss"]
[EventRounds "9"]
[EventCountry "CZE"]

1. d4 b6 2. c4 Bb7 3. Nc3 d6 4. e4 Nd7 5. Nf3 Ngf6 6. d5 Nc5 7. e5 Nfe4 8. Nxe4
Nxe4 9. Bd3 Nc5 10. Bf4 e6 11. b4 Nxd3+ 12. Qxd3 dxe5 13. Bxe5 Bxb4+ 14. Bc3
Bxc3+ 15. Qxc3 O-O 16. O-O exd5 17. cxd5 Bxd5 18. Rad1 c6 19. Rfe1 Qc7 20. Rxd5
Rae8 21. Rd3 b5 22. Re5 a5 23. a3 Rb8 24. Rd4 Rfd8 25. g3 Rxd4 26. Qxd4 b4 27.
axb4 axb4 28. Qe4 g6 29. Re8+ Rxe8 30. Qxe8+ Kg7 31. Qe3 c5 32. Nd2 Qd6 33. h4
Qd5 34. Ne4 c4 35. Qf4 Qf5 36. Qe3 Qd5 37. Qf3 f5 38. Qe2 Qxe4 39. Qb2+ c3 40.
Qa1 Qd4 41. Qe1 Kf7 42. Qb1 Kf6 43. Qc1 b3 44. Qg5+ Ke6 45. Qc1 c2 46. Qe1+ Kf7
47. Kh2 b2 48. Qh1 b1=Q 0-1

[Event "Jiraskuv memorial B"]
[Site "Rakovnik"]
[Date "2012.08.06"]
[Round "4"]
[White "Bauer, Ondrej"]
[Black "Hajek, Jiri"]
[Result "0-1"]
[WhiteElo "1745"]
[BlackElo "1825"]
[Annotator "Lev,Pavel"]
[PlyCount "36"]
[EventDate "2012.08.??"]
[EventType "swiss"]
[EventRounds "9"]
[EventCountry "CZE"]

1. d4 Nf6 2. c4 e6 3. Nc3 d5 4. Bg5 Nbd7 5. Nf3 Be7 6. e3 a6 7. b3 O-O 8. Bd3
dxc4 9. Bxc4 b5 10. Be2 Bb7 11. O-O Rc8 12. Rc1 c5 13. dxc5 Nxc5 14. Nd4 b4 15.
Nb1 Qa5 16. Nd2 Nce4 17. Nxe4 Bxe4 18. Bf4 e5 0-1

[Event "Jiraskuv memorial B"]
[Site "Rakovnik"]
[Date "2012.08.06"]
[Round "4"]
[White "Srkal, Miroslav"]
[Black "Zika, Vaclav"]
[Result "0-1"]
[WhiteElo "1822"]
[BlackElo "1749"]
[Annotator "Lev,Pavel"]
[PlyCount "62"]
[EventDate "2012.08.??"]
[EventType "swiss"]
[EventRounds "9"]
[EventCountry "CZE"]

1. d4 Nf6 2. c4 g6 3. Nc3 Bg7 4. e4 d6 5. Nf3 O-O 6. Be2 e5 7. O-O Nc6 8. d5
Ne7 9. Nd2 Nd7 10. Rb1 f5 11. f3 f4 12. b4 g5 13. Nb3 Nf6 14. c5 h5 15. cxd6
cxd6 16. Bd2 g4 17. Kh1 Rf7 18. Rc1 Bf8 19. Nb5 Ng6 20. Be1 a6 21. Nc3 Rg7 22.
b5 gxf3 23. gxf3 h4 24. Bf2 Bd7 25. a4 Nh5 26. bxa6 bxa6 27. Rg1 Ng3+ 28. Bxg3
hxg3 29. hxg3 fxg3 30. Kg2 Qh4 31. Kf1 g2+ 0-1

[Event "Jiraskuv memorial B"]
[Site "Rakovnik"]
[Date "2012.08.06"]
[Round "4"]
[White "Ruzicka, Vaclav"]
[Black "Kadlec, Daniel"]
[Result "1/2-1/2"]
[WhiteElo "1698"]
[BlackElo "1651"]
[Annotator "Lev,Pavel"]
[PlyCount "70"]
[EventDate "2012.08.??"]
[EventType "swiss"]
[EventRounds "9"]
[EventCountry "CZE"]

1. Nf3 Nf6 2. b3 g6 3. Bb2 Bg7 4. e3 d6 5. d4 O-O 6. Bd3 c6 7. O-O Re8 8. c4
Nbd7 9. Nbd2 c5 10. d5 Qc7 11. Qc2 Nb6 12. h3 e5 13. dxe6 Bxe6 14. Ng5 Qe7 15.
Nxe6 Qxe6 16. Rae1 Nbd7 17. f4 Rf8 18. Nf3 Rae8 19. f5 Qe7 20. fxg6 fxg6 21.
Nh4 Qe6 22. Nf3 Rd8 23. Ng5 Qe7 24. Nf3 Ne5 25. Nxe5 dxe5 26. e4 Bh6 27. Bc1
Bxc1 28. Rxc1 Nh5 29. Rxf8+ Rxf8 30. Rf1 Nf4 31. Kh2 Qg5 32. g3 Ne6 33. Rxf8+
Kxf8 34. Qf2+ Kg7 35. h4 Qe7 1/2-1/2

[Event "Jiraskuv memorial B"]
[Site "Rakovnik"]
[Date "2012.08.06"]
[Round "4"]
[White "Holy, Filip"]
[Black "Abraham, Karel"]
[Result "0-1"]
[WhiteElo "1609"]
[BlackElo "1791"]
[Annotator "Lev,Pavel"]
[PlyCount "66"]
[EventDate "2012.08.??"]
[EventType "swiss"]
[EventRounds "9"]
[EventCountry "CZE"]

1. e4 e6 2. d4 d5 3. e5 c5 4. c3 Nc6 5. Be3 Qb6 6. Qd2 cxd4 7. cxd4 Bd7 8. Nc3
f6 9. exf6 Nxf6 10. Bd3 Nb4 11. Bb1 O-O-O 12. Nf3 Bd6 13. O-O Kb8 14. Ne5 Rdf8
15. Nxd7+ Nxd7 16. a3 Nc6 17. b4 Nf6 18. Bf4 Ne4 19. Bxd6+ Nxd6 20. Ne2 Nb5 21.
Rd1 e5 22. Qg5 e4 23. Qxd5 Rd8 24. Qc5 Nbxd4 25. Qxb6 Nf3+ 26. gxf3 Rxd1+ 27.
Kg2 exf3+ 28. Kxf3 axb6 29. Nc3 Rc1 30. Ne2 Rf8+ 31. Ke3 Rh1 32. Nf4 Re8+ 33.
Kf3 Rhe1 0-1

[Event "Jiraskuv memorial B"]
[Site "Rakovnik"]
[Date "2012.08.06"]
[Round "4"]
[White "Pribylova, Sofie"]
[Black "Zacek, Petr"]
[Result "1/2-1/2"]
[WhiteElo "1374"]
[BlackElo "1568"]
[Annotator "Lev,Pavel"]
[PlyCount "135"]
[EventDate "2012.08.??"]
[EventType "swiss"]
[EventRounds "9"]
[EventCountry "CZE"]

1. d4 Nf6 2. c4 g6 3. Nc3 Bg7 4. e4 d6 5. Bd3 O-O 6. Nge2 Nbd7 7. O-O e5 8. d5
Nc5 9. Bc2 a5 10. Bg5 Qd7 11. Bxf6 Bxf6 12. Na4 Nxa4 13. Bxa4 Qg4 14. h3 Qxe4
15. Rc1 Qf5 16. Ng3 Qg5 17. Ne4 Qh4 18. Nxf6+ Qxf6 19. Re1 Qg5 20. Rc3 f5 21.
c5 f4 22. cxd6 cxd6 23. Kh1 Bf5 24. Rc7 Rab8 25. Qc1 Qh4 26. Kg1 f3 27. Bd7
Bxd7 28. Rxd7 fxg2 29. Qe3 Rf6 30. Rc1 Rbf8 31. Rcc7 R8f7 32. Rc8+ Kg7 33.
Rxf7+ Rxf7 34. Kxg2 e4 35. Qd4+ Kh6 36. Qe3+ Qg5+ 37. Qxg5+ Kxg5 38. Rd8 Kf5
39. Rxd6 Ke5 40. Rd8 h5 41. Ra8 b6 42. Rb8 Rf6 43. Kf1 Kxd5 44. Ke2 Ke5 45. Rd8
g5 46. Rg8 Kf5 47. Re8 Re6 48. Rf8+ Ke5 49. Rg8 Kf5 50. Rf8+ Rf6 51. Re8 Kf4
52. Re7 g4 53. hxg4 hxg4 54. a3 a4 55. Ra7 b5 56. Rc7 Rf5 57. Rc3 Rd5 58. Rc6
Re5 59. Rc3 Rf5 60. b3 axb3 61. Rxb3 Re5 62. Rb4 Rc5 63. a4 bxa4 64. Rxa4 Rc2+
65. Ke1 Kf3 66. Ra3+ Kg2 67. Rg3+ Kh2 68. Rxg4 1/2-1/2

[Event "Jiraskuv memorial B"]
[Site "Rakovnik"]
[Date "2012.08.06"]
[Round "4"]
[White "Masek, Jaroslav"]
[Black "Hejda, Vaclav"]
[Result "1/2-1/2"]
[WhiteElo "1670"]
[BlackElo "1820"]
[Annotator "Lev,Pavel"]
[PlyCount "29"]
[EventDate "2012.08.??"]
[EventType "swiss"]
[EventRounds "9"]
[EventCountry "CZE"]

1. e4 e5 2. Nf3 Nc6 3. Bb5 a6 4. Bxc6 dxc6 5. O-O Bg4 6. d3 Qf6 7. Nbd2 Bd6 8.
Qe2 Ne7 9. Qe3 Ng6 10. Qg5 Qxg5 11. Nxg5 h6 12. Ngf3 O-O 13. h3 Bxf3 14. Nxf3
Rae8 15. Be3 1/2-1/2

[Event "Jiraskuv memorial B"]
[Site "Rakovnik"]
[Date "2012.08.07"]
[Round "5"]
[White "Abraham, Karel"]
[Black "Masek, Jaroslav"]
[Result "1-0"]
[WhiteElo "1791"]
[BlackElo "1670"]
[Annotator "Lev,Pavel"]
[PlyCount "37"]
[EventDate "2012.08.??"]
[EventType "swiss"]
[EventRounds "9"]
[EventCountry "CZE"]

1. e4 c5 2. c3 d6 3. f4 Nc6 4. Nf3 Bg4 5. Be2 Nf6 6. e5 dxe5 7. fxe5 Nd7 8. d4
cxd4 9. Nxd4 Bxe2 10. Qxe2 Ncxe5 11. O-O Ng6 12. Kh1 Nf6 13. Nd2 Rc8 14. Ne4
Nxe4 15. Qxe4 Qd7 16. Be3 e6 17. Rad1 Qa4 18. Qxb7 Rd8 19. Qxf7# 1-0

[Event "Jiraskuv memorial B"]
[Site "Rakovnik"]
[Date "2012.08.07"]
[Round "5"]
[White "Hajek, Jiri"]
[Black "Ruzicka, Vaclav"]
[Result "0-1"]
[WhiteElo "1825"]
[BlackElo "1698"]
[Annotator "Lev,Pavel"]
[PlyCount "38"]
[EventDate "2012.08.??"]
[EventType "swiss"]
[EventRounds "9"]
[EventCountry "CZE"]

1. e4 e5 2. Nf3 Nf6 3. Nc3 Bb4 4. Bc4 O-O 5. O-O d6 6. Re1 Be6 7. Bxe6 fxe6 8.
a3 Bc5 9. d4 exd4 10. Nxd4 Bxd4 11. Qxd4 Nc6 12. Qd1 h6 13. f4 Qe8 14. e5 dxe5
15. fxe5 Rd8 16. Bd2 Nd7 17. Re4 Ndxe5 18. Qe1 Qg6 19. Bf4 Nf3+ 0-1

[Event "Jiraskuv memorial B"]
[Site "Rakovnik"]
[Date "2012.08.07"]
[Round "5"]
[White "Hejda, Vaclav"]
[Black "Bauer, Ondrej"]
[Result "1/2-1/2"]
[WhiteElo "1820"]
[BlackElo "1745"]
[Annotator "Lev,Pavel"]
[PlyCount "65"]
[EventDate "2012.08.??"]
[EventType "swiss"]
[EventRounds "9"]
[EventCountry "CZE"]

1. e4 d5 2. exd5 Qxd5 3. Nc3 Qd6 4. d4 Nf6 5. Nf3 a6 6. Be2 b5 7. a3 Bb7 8. O-O
e6 9. Ne5 Nbd7 10. Bf4 Qb6 11. Be3 c5 12. Nxd7 Nxd7 13. dxc5 Bxc5 14. Bxc5 Qxc5
15. Bf3 Bxf3 16. Qxf3 O-O 17. Rfe1 Rac8 18. Qe3 Nb6 19. Nd1 Nc4 20. Qxc5 Rxc5
21. c3 Rd8 22. a4 h6 23. axb5 axb5 24. b4 Rcd5 25. Ne3 Nxe3 26. Rxe3 Rc8 27.
Kf1 Kf8 28. Ke2 Ke7 29. Ra5 Rcd8 30. Ra7+ R8d7 31. Rxd7+ Kxd7 32. Rd3 Kc6 33.
f3 1/2-1/2

[Event "Jiraskuv memorial B"]
[Site "Rakovnik"]
[Date "2012.08.07"]
[Round "5"]
[White "Koblic, Miroslav"]
[Black "Pribylova, Sofie"]
[Result "1-0"]
[WhiteElo "1683"]
[BlackElo "1374"]
[Annotator "Lev,Pavel"]
[PlyCount "77"]
[EventDate "2012.08.??"]
[EventType "swiss"]
[EventRounds "9"]
[EventCountry "CZE"]

1. f4 Nf6 2. Nf3 g6 3. e3 Bg7 4. d4 O-O 5. Nc3 d5 6. Bd2 Nc6 7. Bb5 Bd7 8. Qe2
a6 9. Bxc6 Bxc6 10. Ne5 Rb8 11. g4 Bd7 12. g5 Ne4 13. Nxd5 Bc6 14. Nxc6 bxc6
15. Nb4 Qd7 16. O-O-O a5 17. Na6 Rb7 18. Bxa5 Ra8 19. b4 Nc3 20. Qc4 Qh3 21.
Qxc3 Rxa6 22. Rde1 Qe6 23. Qd3 Ra8 24. c4 Rd8 25. a3 Ra7 26. Rhf1 c5 27. d5 Qd7
28. e4 cxb4 29. Bxb4 c6 30. f5 cxd5 31. exd5 Bf8 32. fxg6 hxg6 33. Qf3 f5 34.
gxf6 Bh6+ 35. Kc2 exf6 36. Qxf6 Qa4+ 37. Kd3 Qb3+ 38. Bc3 Rf8 39. Qh8# 1-0

[Event "Jiraskuv memorial B"]
[Site "Rakovnik"]
[Date "2012.08.07"]
[Round "5"]
[White "Truksa, Martin"]
[Black "Srkal, Miroslav"]
[Result "0-1"]
[WhiteElo "1432"]
[BlackElo "1822"]
[Annotator "Lev,Pavel"]
[PlyCount "72"]
[EventDate "2012.08.??"]
[EventType "swiss"]
[EventRounds "9"]
[EventCountry "CZE"]

1. Nf3 d5 2. g3 g6 3. Bg2 Bg7 4. O-O Nf6 5. d3 O-O 6. Bg5 h6 7. Bf4 Nh5 8. Be5
Nf6 9. Nbd2 Nbd7 10. Bc3 c5 11. d4 b6 12. b4 c4 13. Qe1 Bb7 14. Nh4 Ne4 15.
Nxe4 dxe4 16. Rd1 e6 17. Bh3 Nf6 18. Ng2 Nd5 19. Bb2 b5 20. a3 Qb6 21. c3 a5
22. Bc1 axb4 23. axb4 Ra2 24. Ne3 Rfa8 25. Bd2 Rb2 26. Rb1 Raa2 27. Rxb2 Rxb2
28. Bg2 Qa6 29. Nxd5 Bxd5 30. Bf4 Qa2 31. e3 Rc2 32. Qa1 Qxa1 33. Rxa1 Rxc3 34.
Ra5 Rc1+ 35. Bf1 c3 36. Rxb5 Rxf1+ 0-1

[Event "Jiraskuv memorial B"]
[Site "Rakovnik"]
[Date "2012.08.07"]
[Round "5"]
[White "Zika, Vaclav"]
[Black "Kadlec, Daniel"]
[Result "0-1"]
[WhiteElo "1749"]
[BlackElo "1651"]
[Annotator "Lev,Pavel"]
[PlyCount "106"]
[EventDate "2012.08.??"]
[EventType "swiss"]
[EventRounds "9"]
[EventCountry "CZE"]

1. d4 Nf6 2. c4 g6 3. Nc3 Bg7 4. e4 d6 5. Be2 O-O 6. Nf3 e5 7. O-O exd4 8. Nxd4
Nbd7 9. Be3 Re8 10. f3 Ne5 11. Bf2 Qe7 12. Re1 Bd7 13. Nd5 Nxd5 14. exd5 f5 15.
f4 Nf7 16. Bf1 Qf6 17. Qb3 b6 18. Rad1 Bh6 19. Nb5 Bxb5 20. Qxb5 Rxe1 21. Rxe1
Bxf4 22. Re8+ Rxe8 23. Qxe8+ Kg7 24. b4 Qe5 25. Qxe5+ Nxe5 26. c5 Bd2 27. cxd6
cxd6 28. b5 Bb4 29. Bd4 Bc5 30. Bf2 Bxf2+ 31. Kxf2 Ng4+ 32. Kg3 Ne3 33. Bd3
Nxd5 34. a3 Kf6 35. h4 Ke5 36. Kf3 Nc3 37. g4 d5 38. h5 Ne4 39. hxg6 hxg6 40.
gxf5 gxf5 41. Ke3 d4+ 42. Ke2 Kf4 43. Bc4 Nc3+ 44. Kd3 Ke5 45. Kc2 f4 46. Bd3
Kd5 47. Kb3 Kc5 48. a4 f3 49. Ka3 f2 50. Bf1 Nd5 51. a5 Ne3 52. axb6 axb6 53.
Bd3 f1=Q 0-1

[Event "Jiraskuv memorial B"]
[Site "Rakovnik"]
[Date "2012.08.07"]
[Round "5"]
[White "Vankova, Veronika"]
[Black "Folbr, Martin"]
[Result "1-0"]
[WhiteElo "1254"]
[BlackElo "1352"]
[Annotator "Lev,Pavel"]
[PlyCount "95"]
[EventDate "2012.08.??"]
[EventType "swiss"]
[EventRounds "9"]
[EventCountry "CZE"]

1. e4 e5 2. Nc3 g6 3. Nf3 Bg7 4. Bc4 Ne7 5. O-O O-O 6. d3 a6 7. Bg5 b5 8. Bb3
Nbc6 9. Qd2 a5 10. Nxb5 a4 11. Bc4 Ba6 12. Na3 Bxc4 13. Nxc4 d5 14. exd5 Qxd5
15. Rab1 Nf5 16. a3 h6 17. Be3 Rfd8 18. Qe2 g5 19. Bd2 Ncd4 20. Nxd4 Nxd4 21.
Qd1 Re8 22. Ne3 Qc6 23. Bc3 Ne6 24. g3 Rad8 25. Qe2 Rd4 26. Nf5 Rf4 27. gxf4
Nxf4 28. Qe4 Qg6 29. Bd2 Nh3+ 30. Kh1 Bf8 31. Qg4 Qc6+ 32. Qg2 Qg6 33. Qxh3 g4
34. Nxh6+ Bxh6 35. Qxh6 Qf5 36. Qg5+ Qxg5 37. Bxg5 f5 38. Rbe1 Kf7 39. f3 Kg6
40. Bd2 Kh5 41. fxg4+ Kxg4 42. Bc3 e4 43. dxe4 fxe4 44. Kg2 e3 45. Bd4 e2 46.
Rf2 Re4 47. Rfxe2 Rxd4 48. Re4+ 1-0

[Event "Jiraskuv memorial B"]
[Site "Rakovnik"]
[Date "2012.08.07"]
[Round "5"]
[White "Misicko, Jan"]
[Black "Mitosinka, Boris"]
[Result "1-0"]
[WhiteElo "1545"]
[BlackElo "1563"]
[Annotator "Lev,Pavel"]
[PlyCount "35"]
[EventDate "2012.08.??"]
[EventType "swiss"]
[EventRounds "9"]
[EventCountry "CZE"]

1. f4 e5 2. fxe5 Qh4+ 3. g3 Qe4 4. Nf3 d5 5. Nc3 Qc4 6. e4 Qb4 7. a3 Qb6 8.
Nxd5 Qc6 9. Bb5 Bh3 10. Bxc6+ Kd8 11. Bxb7 Bxa3 12. Rxa3 Nf6 13. Nxf6 Nc6 14.
Bxa8 Ke7 15. Bxc6 Re8 16. Nd5+ Ke6 17. d4 Bf1 18. Ng5# 1-0

[Event "Jiraskuv memorial B"]
[Site "Rakovnik"]
[Date "2012.08.07"]
[Round "5"]
[White "Zacek, Petr"]
[Black "Holy, Filip"]
[Result "1/2-1/2"]
[WhiteElo "1568"]
[BlackElo "1609"]
[Annotator "Lev,Pavel"]
[PlyCount "100"]
[EventDate "2012.08.??"]
[EventType "swiss"]
[EventRounds "9"]
[EventCountry "CZE"]

1. e4 c6 2. d4 d5 3. e5 Bf5 4. Ne2 e6 5. Ng3 Bg6 6. Nd2 c5 7. Bb5+ Nc6 8. c3
cxd4 9. cxd4 Nge7 10. O-O a6 11. Bxc6+ Nxc6 12. Nf3 Be7 13. a3 Qb6 14. h4 h6
15. b4 a5 16. Qa4 O-O 17. b5 Na7 18. Qb3 Qxb5 19. Qxb5 Nxb5 20. Bb2 Rfc8 21.
Rfc1 Rxc1+ 22. Bxc1 Rc8 23. a4 Na7 24. Bd2 Nc6 25. Rc1 Ba3 26. Rc3 Bb4 27. Rb3
Bc2 28. Rb2 Bxa4 29. Bxb4 Nxb4 30. Ne2 Bd1 31. Kf1 Kf8 32. Nfg1 Ba4 33. Nf3 Bb5
34. Ne1 Rc1 35. f3 Rxe1+ 36. Kxe1 Nd3+ 37. Kd2 Nxb2 38. Nc3 Nc4+ 39. Kc1 Bc6
40. Kc2 Ne3+ 41. Kb3 Nxg2 42. Na4 Bxa4+ 43. Kxa4 b6 44. Kb5 Nxh4 45. f4 Nf3 46.
Kxb6 a4 47. Kc5 a3 48. f5 a2 49. Kd6 a1=Q 50. fxe6 Qa6+ 1/2-1/2

[Event "Jiraskuv memorial B"]
[Site "Rakovnik"]
[Date "2012.08.08"]
[Round "6"]
[White "Holy, Filip"]
[Black "Zika, Vaclav"]
[Result "1/2-1/2"]
[WhiteElo "1609"]
[BlackElo "1749"]
[Annotator "Lev,Pavel"]
[PlyCount "52"]
[EventDate "2012.08.??"]
[EventType "swiss"]
[EventRounds "9"]
[EventCountry "CZE"]

1. e4 e6 2. d4 d5 3. e5 c5 4. c3 Nc6 5. Be3 cxd4 6. cxd4 Bd7 7. Nc3 Nce7 8. Rc1
Nf5 9. Nf3 Nxe3 10. fxe3 Bb4 11. Bd3 Ne7 12. O-O Ng6 13. e4 Nf4 14. Bb1 Bxc3
15. Rxc3 Bb5 16. Rf2 Rc8 17. Qd2 Rxc3 18. bxc3 Ng6 19. Ng5 O-O 20. Qe3 h6 21.
Nf3 Bc6 22. Nd2 Qg5 23. Qxg5 hxg5 24. exd5 exd5 25. Bxg6 fxg6 26. Rxf8+ Kxf8
1/2-1/2

[Event "Jiraskuv memorial B"]
[Site "Rakovnik"]
[Date "2012.08.08"]
[Round "6"]
[White "Ruzicka, Vaclav"]
[Black "Abraham, Karel"]
[Result "1/2-1/2"]
[WhiteElo "1698"]
[BlackElo "1791"]
[Annotator "Lev,Pavel"]
[PlyCount "26"]
[EventDate "2012.08.??"]
[EventType "swiss"]
[EventRounds "9"]
[EventCountry "CZE"]

1. e4 e6 2. d4 d5 3. Nd2 Nf6 4. e5 Nfd7 5. Bd3 c5 6. c3 Nc6 7. Ne2 cxd4 8. cxd4
f6 9. exf6 Nxf6 10. O-O Bd6 11. f4 O-O 12. Nf3 Qb6 13. Kh1 Bd7 1/2-1/2

[Event "Jiraskuv memorial B"]
[Site "Rakovnik"]
[Date "2012.08.08"]
[Round "6"]
[White "Mitosinka, Boris"]
[Black "Truksa, Martin"]
[Result "1-0"]
[WhiteElo "1563"]
[BlackElo "1432"]
[Annotator "Lev,Pavel"]
[PlyCount "57"]
[EventDate "2012.08.??"]
[EventType "swiss"]
[EventRounds "9"]
[EventCountry "CZE"]

1. e4 e5 2. Nf3 Nc6 3. Bb5 a6 4. Ba4 b5 5. Bb3 Bc5 6. O-O Nf6 7. Nxe5 Nxe5 8.
d4 Bb6 9. dxe5 Nxe4 10. Qd5 O-O 11. Qxe4 Rb8 12. Be3 Bb7 13. Qd3 Bxe3 14. Qxe3
Qe7 15. Nc3 c5 16. Bd5 b4 17. Bxb7 bxc3 18. Bf3 cxb2 19. Rab1 d6 20. Rfe1 Rfd8
21. Qc3 dxe5 22. Rxb2 Rxb2 23. Qxb2 f6 24. Rd1 Rxd1+ 25. Bxd1 Qd8 26. Be2 h6
27. Qb3+ Kh7 28. Qd3+ Qxd3 29. Bxd3+ 1-0